000 00316nam a2200133Ia 4500
008 231129s2003||||xx |||||||||||||| ||spa||
040 _bspa
082 _aCu861 C157m
100 _aCallejas Jesús I.
245 0 _aProyecto Arcadia
260 _c2003
264 _aEdiciones la Cueva de Sibila
942 _2ddc
_cBKS
999 _c23411
_d23411